1635 1751 1440 1939 1174 1886 1876 1608 1300 1619 1979 1051 1771 1567 1144 1902 1167 1294 1594 1411 1258 1544 1441 1413 1258 1144 1597 1722 1471 1970 1970 1395 1524 1743 1923 1886 1451 1314 1582 1634 1761 1077 1975 1725 1087 1062 1567 1193 1146 1208 1090 1250 1524 1434 1292 1948 1847 1411 1824 1267 1831 1968 1787 1487 1096 1001 1790 1729 1816 1420 1230 1161 1392 1899 1708 1126 1496 1936 1254 1215 1118 1538 1468 1222 1429 1392 1009 1736 1127 1618 1801 1374 1838 1579 1733 1443 1010 1759 1248 BCNSPRNW ULIB Ver.6.0+V

เปลี่ยนเป็นภาษาไทย

Change to English
 แสดงรายละเอียดบรรณานุกรม
  กลับหน้าหลัก

Brief Record : Get Marc (ISO 2709) : E-mail record : QR code < ปิดหน้าต่าง
LEADER : 00000nam 2200000uu 4500
001    13399119999
003     ULIB
008    120821s2550||||th 000 0 tha d
020    9789740582687
099    นว.^bอ943ร
100 0  Andra
245 00 รักนี้(ไม่)กำมะลอ^cAndra
945    ^p219^l0^i15023
999    ^aใช้งานได้ทุกระบบ
รายการนี้ยังไม่มีแท็ก
คุณยังไม่ได้ล็อกอิน คุณสามารถมีกิจกรรมร่วมกับเว็บไซต์ได้ แต่ต้องล็อกอินก่อน ::
  ล็อกอิน

รายการสื่อสารสนเทศ

ลำดับที่ ประเภท เลขเรียก/บาร์โค้ด สถานที่ สถานะ
1. วิทยาศาสตร์การแพทย์ และสุขภาพ
วิทยาศาสตร์การแพทย์ และสุขภาพ
นว. อ943ร  
  Barcode: 15023
ห้องสมุดวิทยาเขตสวรรค์ประชารักษ์
►นวนิยาย
บนชั้น
  ขอยืม

รายการใกล้เคียง
    ผู้แต่ง [Andra]

BibComment


ยังไม่เคยถูกคอมเมนท์

คอมเมนท์ทรัพยากรรายการนี้
  คอมเมนท์: รักนี้ไม่กำมะลอ A..


 Copyright 2026. Bcnsprnw @Library